|
|
|
|
| LEADER |
01116nam a2200301 a 4500 |
| 001 |
16811 |
| 003 |
BD-DhAAL |
| 008 |
090416s2006 ii a b 001 0 eng d |
| 999 |
|
|
|c 206
|d 206
|
| 010 |
|
|
|a 2003331467
|
| 020 |
|
|
|a 0195664221
|
| 020 |
|
|
|a 0195683463
|
| 020 |
|
|
|a 978019583462
|
| 040 |
|
|
|a DLC
|c DLC
|d DLC
|d BD-DhAAL
|
| 082 |
0 |
0 |
|a 337
|2 22
|
| 100 |
1 |
|
|a Sikdar, Soumyen.
|9 26125
|
| 245 |
1 |
0 |
|a Contemporary issues in globalization :
|b an introduction to theory and policy in India /
|c Soumyen Sikdar.
|
| 250 |
|
|
|a Second edition
|
| 260 |
|
|
|a New Delhi :
|b Oxford University Press,
|c 2006.
|
| 300 |
|
|
|a xix, 201 pages :
|b illustrations ;
|c 22 cm.
|
| 504 |
|
|
|a Includes bibliographical references (pages [186]-187) and index.
|
| 541 |
1 |
|
|e 16811
|
| 650 |
|
0 |
|a Globalization.
|9 26126
|
| 650 |
|
0 |
|a Internationl economic relations.
|9 26127
|
| 651 |
|
0 |
|a India
|x Economic policy.
|9 26128
|
| 852 |
4 |
|
|a Ayesha Abed Library
|c General Stacks
|
| 942 |
|
|
|2 ddc
|c BK
|
| 952 |
|
|
|0 0
|1 0
|2 ddc
|4 0
|6 337_SIK_200600000000000
|7 0
|9 189
|a BRACUL
|b BRACUL
|c GEN
|d 2009-04-29
|g 390.00
|l 0
|o 337 SIK
|p 3010016811
|r 2009-04-29
|t 1
|v 780.00
|w 2009-04-29
|y BK
|